Statistics for Name the UK Prime Minister Who Said Each Quote (1905-2016)

Click here to take the quiz!

General Stats

  • This quiz has been taken 21 times
  • The average score is 4 of 21

Answer Stats

Hint Answer % Correct
"The problem with socialism is that you eventually run out of other people's money"Margaret Thatcher
95%
"I don't support gay marriage in spite of being a conservative. I support gay marriage because I am a conservative"David Cameron
47%
"In war, whichever side may call itself the victor, there are no winners, but all are losers"Neville Chamberlain
42%
"Like Indiana Jones, I don't like snakes - though that might lead some to ask why I'm in politics"Theresa May
37%
"Unemployment is of vital importance, particularly to the unemployed"Edward Heath
21%
"The finest eloquence is that which gets things done"David Lloyd George
21%
"If you've broken the eggs, you should make the omelette"Anthony Eden
21%
"Tact is the ability to tell someone to go to hell in such a way that they look forward to the trip"Winston Churchill
16%
"He who rejects change is the architect of decay"Harold Wilson
16%
"Russian communism is an illegal child of Karl Marx and Catherine the Great"Clement Attlee
16%
"Hope is that small voice that says we will not be silenced"Gordon Brown
16%
"Sometimes it is better to lose and do the right thing than to win and do the wrong thing"Tony Blair
16%
"You have indeed done much since the new century began to give shape and substance to the growing, the insistent desire that war may be banished from the earth"Henry Campbell-Bannerman
11%
"Youth would be an ideal state if it came a little later in life"Herbert Asquith
11%
"When your back is against the wall, there is only one thing to do, and that is turn around and fight"John Major
11%
"There is no such thing as an inevitable war. If war comes it will be from failure of human wisdom"Andrew Bonar Law
11%
"A leader must have the courage to go against an expert's advice"James Callaghan
5%
"We have all taken risks in the making of war. Isn't it time that we should take risks to secure peace?"Ramsay MacDonald
5%
"No man succeeds without a good woman behind him, wife or mother, if it is both, he is twice blessed indeed"Harold Macmillan
0%
"The intelligent are to the intelligentsia what a gentleman is to a gent"Stanley Baldwin
0%
"There are only two problems in my life. The political ones are insoluble and the economic ones are incomprehensible"Alec Douglas-Home
0%

Score Distribution

Percentile by Number Answered

Percent of People with Each Score

Your Score History

You have not taken this quiz